ՀՀ Գիտությունների ազգային ակադեմիայի հիմնարար գիտական գրադարան  =   Fundamental Scientific Library of NAS RA

Электромеханические печатающие устройства / (Record no. 299648)

MARC details
000 -LEADER
fixed length control field 00715nam a2200205 a 4500
001 - CONTROL NUMBER
control field 000831723
003 - CONTROL NUMBER IDENTIFIER
control field AM-YeHGA
005 - DATE AND TIME OF LATEST TRANSACTION
control field 20250617144723.0
008 - FIXED-LENGTH DATA ELEMENTS--GENERAL INFORMATION
fixed length control field 110916s1978 r 000 0 rus d
040 ## - CATALOGING SOURCE
Original cataloging agency AM-YeHGA
041 0# - LANGUAGE CODE
Language code of text/sound track or separate title rus
090 ## - LOCALLY ASSIGNED LC-TYPE CALL NUMBER (OCLC); LOCAL CALL NUMBER (RLIN)
-- 301344
100 1# - MAIN ENTRY--PERSONAL NAME
Personal name Бабурин, Валентин Васильевич
245 10 - TITLE STATEMENT
Title Электромеханические печатающие устройства /
Statement of responsibility, etc. В.В. Бабурин.
260 ## - PUBLICATION, DISTRIBUTION, ETC.
Place of publication, distribution, etc. Москва :
Name of publisher, distributor, etc. Энергия,
Date of publication, distribution, etc. 1978.
300 ## - PHYSICAL DESCRIPTION
Extent 96 с. :
Other physical details ил.
440 #0 - SERIES STATEMENT/ADDED ENTRY--TITLE
Title Библиотека по автоматике
Volume/sequential designation Вып. 589
504 ## - BIBLIOGRAPHY, ETC. NOTE
Bibliography, etc. note Бибилиогр. 22 назв.
650 14 - SUBJECT ADDED ENTRY--TOPICAL TERM
Topical term or geographic name entry element Вычислительная техника
Holdings
Withdrawn status Lost status Damaged status Not for loan Collection Home library Current library Date acquired Total checkouts Full call number Barcode Date last seen Price effective from Koha item type Public note
        General Fundamental Scientific Library Fundamental Scientific Library 09/01/2017   PII/410840 FL0425599 09/01/2017 09/01/2017 Գրքեր / Books 30 Days Loan
        General Fundamental Scientific Library Fundamental Scientific Library 09/01/2017   PII/414490 FL0429040 09/01/2017 09/01/2017 Գրքեր / Books 30 Days Loan


ՀՀ ԳԱԱ հիմնարար գիտական գրադարան
ՀՀ,Երևան 0019
Մարշալ Բաղրամյան 24/6
հեռախոս:(374-10) 52-47-50
Հետադարձ կապ

All site content, except where otherwise noted, is licensed under a
Creative Commons License